[Event "43. Olimpiada Batumi 2018 Femenina"]
[Site "Batumi GEO"]
[Date "2018.09.24"]
[Round "1.1"]
[White "Anandpara, Jayendra Saloni"]
[Black "Agrest, Inna"]
[Result "0-1"]
[WhiteElo "1326"]
[BlackElo "2283"]
[PlyCount "110"]
[EventDate "2018.09.24"]
[EventType "team-swiss"]
[EventRounds "11"]
[EventCountry "GEO"]
[SourceTitle "Ajedrez en Madrid"]
[Source "lmi"]
[SourceDate "2018.09.24"]
[WhiteTeam "Hong Kong"]
[BlackTeam "Sweden"]
[WhiteTeamCountry "HKG"]
[BlackTeamCountry "SWE"]

1. e4 e5 2. Nf3 Nc6 3. Bc4 Nf6 4. d3 Bc5 5. O-O d6 6. c3 a6 7. a3 Ba7 8. Re1 h6
9. h3 O-O 10. Nbd2 Be6 11. Bb3 Nh5 12. Bc2 Qf6 13. Nf1 Rad8 14. Be3 Bxe3 15.
Nxe3 Nf4 16. Kh2 d5 17. exd5 Nxd5 18. Ng4 Bxg4 19. hxg4 Rfe8 20. Re4 Qd6 21. g3
Nf6 22. Re1 Nxg4+ 23. Kg2 Qd5 24. Qe2 Re6 25. Qe4 Qxe4 26. dxe4 Red6 27. Rad1
Nf6 28. Rc1 Nd7 29. c4 Nd4 30. Nxd4 Rxd4 31. b3 c5 32. Re2 Nb8 33. Bb1 Nc6 34.
f4 f6 35. Kf3 Rd1 36. Re1 Rxc1 37. Rxc1 Nd4+ 38. Ke3 Nxb3 39. Rc3 Nd4 40. Bd3
Rd6 41. Bc2 Rb6 42. Kd2 Rb2 43. Kc1 Rxc2+ 44. Rxc2 Nxc2 45. Kxc2 exf4 46. gxf4
Kf7 47. Kd3 Ke6 48. a4 g5 49. Ke3 gxf4+ 50. Kxf4 h5 51. Kg3 Ke5 52. Kh4 Kxe4
53. Kxh5 Kd4 54. Kg6 Kxc4 55. Kxf6 b5 0-1

[Event "43. Olimpiada Batumi 2018 Femenina"]
[Site "Batumi GEO"]
[Date "2018.09.24"]
[Round "1.2"]
[White "Bengtsson, Jessica"]
[Black "Leung, Hoi Ting"]
[Result "1-0"]
[WhiteElo "1986"]
[BlackElo "1284"]
[PlyCount "49"]
[EventDate "2018.09.24"]
[EventType "team-swiss"]
[EventRounds "11"]
[EventCountry "GEO"]
[SourceTitle "Ajedrez en Madrid"]
[Source "lmi"]
[SourceDate "2018.09.24"]
[WhiteTeam "Sweden"]
[BlackTeam "Hong Kong"]
[WhiteTeamCountry "SWE"]
[BlackTeamCountry "HKG"]

1. e4 e5 2. Nf3 Nc6 3. Bb5 Bc5 4. c3 d6 5. d4 exd4 6. cxd4 Bb4+ 7. Nc3 Bd7 8.
O-O Nge7 9. Bg5 Bxc3 10. bxc3 O-O 11. Rb1 Rb8 12. Re1 f6 13. Bh4 Ng6 14. Bg3 f5
15. exf5 Bxf5 16. Rb2 Qf6 17. Qb3+ Kh8 18. Bxc6 bxc6 19. Qxb8 Rxb8 20. Rxb8+
Nf8 21. Bh4 Qf7 22. Be7 Qxa2 23. Rxf8+ Qg8 24. Rxg8+ Kxg8 25. Bd8 1-0

[Event "43. Olimpiada Batumi 2018 Femenina"]
[Site "Batumi GEO"]
[Date "2018.09.24"]
[Round "1.3"]
[White "Ng, Sau Wai"]
[Black "Fransson, Angelina"]
[Result "0-1"]
[WhiteElo "1222"]
[BlackElo "2004"]
[PlyCount "60"]
[EventDate "2018.09.24"]
[EventType "team-swiss"]
[EventRounds "11"]
[EventCountry "GEO"]
[SourceTitle "Ajedrez en Madrid"]
[Source "lmi"]
[SourceDate "2018.09.24"]
[WhiteTeam "Hong Kong"]
[BlackTeam "Sweden"]
[WhiteTeamCountry "HKG"]
[BlackTeamCountry "SWE"]

1. c4 Nf6 2. Nc3 e5 3. g3 c6 4. Bg2 d5 5. d3 dxc4 6. dxc4 Qxd1+ 7. Kxd1 Be6 8.
b3 Nbd7 9. Bb2 Rd8 10. Ke1 Bb4 11. Nh3 h6 12. e4 Nxe4 13. Bxe4 Bxh3 14. Rd1 O-O
15. Ke2 f5 16. Bc2 e4 17. Kd2 Bg4 18. Rde1 Ne5+ 19. Kc1 Nd3+ 20. Bxd3 Rxd3 21.
Re3 Rxe3 22. fxe3 Rd8 23. a3 Bc5 24. Re1 Rd3 25. Nd1 Bxd1 26. Rxd1 Bxe3+ 27.
Kc2 Rxd1 28. Kxd1 g5 29. Be5 Kf7 30. Ke2 f4 0-1

[Event "43. Olimpiada Batumi 2018 Femenina"]
[Site "Batumi GEO"]
[Date "2018.09.24"]
[Round "1.4"]
[White "Blazekovic, Nina"]
[Black "Lam, Ka Yan"]
[Result "1-0"]
[WhiteElo "1819"]
[BlackElo "1182"]
[PlyCount "75"]
[EventDate "2018.09.24"]
[EventType "team-swiss"]
[EventRounds "11"]
[EventCountry "GEO"]
[SourceTitle "Ajedrez en Madrid"]
[Source "lmi"]
[SourceDate "2018.09.24"]
[WhiteTeam "Sweden"]
[BlackTeam "Hong Kong"]
[WhiteTeamCountry "SWE"]
[BlackTeamCountry "HKG"]

1. e4 d6 2. d4 Nf6 3. Nc3 e6 4. Nf3 d5 5. Bd3 Bb4 6. Bg5 dxe4 7. Bxe4 h6 8.
Bxf6 Qxf6 9. Qd3 Bd7 10. Bxb7 Bc6 11. Bxa8 Bxa8 12. Qb5+ Nc6 13. Ne5 Qf5 14.
O-O Bxc3 15. bxc3 O-O 16. Qd3 Qf4 17. Qg3 Qd2 18. Nd7 Rd8 19. Qxc7 Qg5 20. d5
Qxd5 21. Rad1 Qg5 22. Qg3 Qe7 23. Ne5 Rc8 24. Rd7 Qf6 25. Nxf7 Nb8 26. Rc7 Rf8
27. Ne5 g5 28. Ng4 Qg6 29. Ne5 Qf6 30. Rxa7 Be4 31. Nd3 Nc6 32. Rc7 Ne7 33. Qe3
Bd5 34. Qe5 Qf7 35. f3 Qe8 36. c4 Ba8 37. Qxe6+ Rf7 38. Ne5 1-0

[Event "43. Olimpiada Batumi 2018 Femenina"]
[Site "Batumi GEO"]
[Date "2018.09.24"]
[Round "1.1"]
[White "Shamima, Akter"]
[Black "Kollari, Hafife"]
[Result "1-0"]
[WhiteElo "2152"]
[BlackElo "1437"]
[PlyCount "75"]
[EventDate "2018.09.24"]
[EventType "team-swiss"]
[EventRounds "11"]
[EventCountry "GEO"]
[SourceTitle "Ajedrez en Madrid"]
[Source "lmi"]
[SourceDate "2018.09.24"]
[WhiteTeam "Bangladesh"]
[BlackTeam "Kosovo"]
[WhiteTeamCountry "BAN"]
[BlackTeamCountry "KOS"]

1. d4 d5 2. c4 c6 3. cxd5 cxd5 4. Nc3 Nf6 5. Nf3 e6 6. Bg5 h6 7. Bh4 Be7 8. e3
Ne4 9. Bxe7 Qxe7 10. Nxe4 dxe4 11. Qc2 Qb4+ 12. Nd2 O-O 13. a3 Qb6 14. Nxe4 Qc6
15. Nc3 Nd7 16. Rc1 Nf6 17. f3 Nd5 18. Nxd5 Qxd5 19. Bc4 Qa5+ 20. Kf2 Bd7 21.
Qd3 Rac8 22. b4 Qf5 23. Qxf5 exf5 24. Bd5 b6 25. Bb7 Rxc1 26. Rxc1 a5 27. Rc7
Rd8 28. d5 Kf8 29. e4 fxe4 30. fxe4 Ke7 31. e5 Ke8 32. Ke3 Bb5 33. bxa5 bxa5
34. Kd4 Rd7 35. d6 f6 36. Kc5 Ba4 37. e6 Rd8 38. Rxg7 1-0

[Event "43. Olimpiada Batumi 2018 Femenina"]
[Site "Batumi GEO"]
[Date "2018.09.24"]
[Round "1.2"]
[White "Saraci, Ndriqona"]
[Black "Parveen, Tanima"]
[Result "0-1"]
[WhiteElo "1263"]
[BlackElo "2022"]
[PlyCount "30"]
[EventDate "2018.09.24"]
[EventType "team-swiss"]
[EventRounds "11"]
[EventCountry "GEO"]
[SourceTitle "Ajedrez en Madrid"]
[Source "lmi"]
[SourceDate "2018.09.24"]
[WhiteTeam "Kosovo"]
[BlackTeam "Bangladesh"]
[WhiteTeamCountry "KOS"]
[BlackTeamCountry "BAN"]

1. e4 e5 2. Nf3 Nc6 3. d4 exd4 4. Nxd4 Bc5 5. Nf3 d6 6. Bc4 Nf6 7. Bg5 Bxf2+ 8.
Kxf2 Nxe4+ 9. Kg1 Nxg5 10. Nbd2 O-O 11. Kf2 Qf6 12. c3 Ne5 13. h3 Ngxf3 14.
gxf3 Qh4+ 15. Ke2 Nxc4 0-1

[Event "43. Olimpiada Batumi 2018 Femenina"]
[Site "Batumi GEO"]
[Date "2018.09.24"]
[Round "1.3"]
[White "Sultana, Sharmin Shirin"]
[Black "Saraci, Rinesa"]
[Result "1-0"]
[WhiteElo "1974"]
[BlackElo "1138"]
[PlyCount "73"]
[EventDate "2018.09.24"]
[EventType "team-swiss"]
[EventRounds "11"]
[EventCountry "GEO"]
[SourceTitle "Ajedrez en Madrid"]
[Source "lmi"]
[SourceDate "2018.09.24"]
[WhiteTeam "Bangladesh"]
[BlackTeam "Kosovo"]
[WhiteTeamCountry "BAN"]
[BlackTeamCountry "KOS"]

1. d4 d5 2. c4 Nc6 3. Nf3 Bg4 4. Nc3 e6 5. cxd5 exd5 6. Bf4 Nf6 7. e3 Bb4 8.
Be2 O-O 9. O-O h6 10. Rc1 a6 11. h3 Bf5 12. a3 Ba5 13. b4 Bb6 14. Na4 Qd7 15.
Qb3 a5 16. b5 Ne7 17. Ne5 Qe6 18. Rfd1 Nd7 19. Nxd7 Qxd7 20. Rc3 Rfc8 21. Bf3
Ba7 22. Rdc1 c6 23. b6 Bb8 24. Nc5 Qe8 25. Nxb7 Bxf4 26. exf4 Rcb8 27. Nc5 Qd8
28. b7 Ra7 29. Re3 Be6 30. g4 a4 31. Qd3 Qd6 32. f5 Bd7 33. Rce1 Kf8 34. Rxe7
Qxe7 35. Rxe7 Kxe7 36. Qe3+ Kf6 37. Nxd7# 1-0

[Event "43. Olimpiada Batumi 2018 Femenina"]
[Site "Batumi GEO"]
[Date "2018.09.24"]
[Round "1.2"]
[White "Jorquera Cabello, Valentina"]
[Black "Aishath, Alya Mohamed"]
[Result "1-0"]
[WhiteElo "2031"]
[BlackElo "1070"]
[PlyCount "77"]
[EventDate "2018.09.24"]
[EventType "team-swiss"]
[EventRounds "11"]
[EventCountry "GEO"]
[SourceTitle "Ajedrez en Madrid"]
[Source "lmi"]
[SourceDate "2018.09.24"]
[WhiteTeam "Chile"]
[BlackTeam "Maldives"]
[WhiteTeamCountry "CHI"]
[BlackTeamCountry "MDV"]

1. e4 e6 2. d3 d5 3. Nd2 Bd6 4. Ngf3 c5 5. e5 Be7 6. g3 f6 7. Bg2 Nc6 8. exf6
Nxf6 9. O-O O-O 10. Qe2 Qc7 11. Nb3 Bd7 12. Bf4 Qc8 13. Rae1 b6 14. Ne5 Nd8 15.
c4 Nf7 16. Nxd7 Qxd7 17. Qxe6 Qxe6 18. Rxe6 Rfe8 19. cxd5 Rad8 20. Rfe1 Kf8 21.
d4 Nxd5 22. dxc5 Nxf4 23. gxf4 Bxc5 24. Bc6 Rxe6 25. Rxe6 g6 26. Nxc5 bxc5 27.
b3 Rd1+ 28. Kg2 Ra1 29. Re8+ Kg7 30. Re7 Rxa2 31. Bd5 Kf8 32. Rxf7+ Ke8 33.
Rxh7 Rd2 34. Bf7+ Kf8 35. Bxg6 Rd6 36. f5 Ra6 37. Rc7 Ra5 38. f6 Ra6 39. Rc8#
1-0

[Event "43. Olimpiada Batumi 2018 Femenina"]
[Site "Batumi GEO"]
[Date "2018.09.24"]
[Round "1.3"]
[White "Nihaya, Ahmed"]
[Black "Morales Flores, Monserrat"]
[Result "1/2-1/2"]
[WhiteElo "1117"]
[BlackElo "1935"]
[PlyCount "42"]
[EventDate "2018.09.24"]
[EventType "team-swiss"]
[EventRounds "11"]
[EventCountry "GEO"]
[SourceTitle "Ajedrez en Madrid"]
[Source "lmi"]
[SourceDate "2018.09.24"]
[WhiteTeam "Maldives"]
[BlackTeam "Chile"]
[WhiteTeamCountry "MDV"]
[BlackTeamCountry "CHI"]

1. d4 Nf6 2. c4 g6 3. Nf3 Bg7 4. Nc3 d6 5. Qc2 O-O 6. e3 Nbd7 7. Bd3 c5 8. d5
Ng4 9. O-O Nde5 10. Nxe5 Nxe5 11. Be2 f5 12. f4 Nd7 13. e4 Bd4+ 14. Kh1 Nf6 15.
exf5 Bxf5 16. Bd3 Ng4 17. Bxf5 gxf5 18. Ne2 Nf2+ 19. Kg1 Nh3+ 20. Kh1 Nf2+ 21.
Kg1 Nh3+ 1/2-1/2

[Event "43. Olimpiada Batumi 2018 Femenina"]
[Site "Batumi GEO"]
[Date "2018.09.24"]
[Round "1.4"]
[White "Pinilla Delgado, Sofia Ignacia"]
[Black "Nuha, Rilwan"]
[Result "1-0"]
[WhiteElo "1710"]
[BlackElo "1053"]
[PlyCount "105"]
[EventDate "2018.09.24"]
[EventType "team-swiss"]
[EventRounds "11"]
[EventCountry "GEO"]
[SourceTitle "Ajedrez en Madrid"]
[Source "lmi"]
[SourceDate "2018.09.24"]
[WhiteTeam "Chile"]
[BlackTeam "Maldives"]
[WhiteTeamCountry "CHI"]
[BlackTeamCountry "MDV"]

1. d4 Nf6 2. c4 e6 3. Nf3 Bb4+ 4. Nbd2 Nc6 5. e3 b6 6. Bd3 Bb7 7. O-O O-O 8. a3
Bxd2 9. Bxd2 a5 10. b3 d6 11. Qc2 h6 12. Bc3 Re8 13. Rfd1 Qe7 14. Qb2 d5 15.
Rac1 Qd7 16. b4 axb4 17. axb4 Ne7 18. Ne5 Qd8 19. c5 Rc8 20. Be1 Nc6 21. Bb5
Nxe5 22. dxe5 Nd7 23. c6 Bxc6 24. Bxc6 Qe7 25. Qd4 Red8 26. Bb7 c5 27. bxc5
bxc5 28. Qc3 Rc7 29. Ba6 Ra8 30. Bb5 Rb8 31. Bxd7 Qxd7 32. Rb1 Rbb7 33. Rxb7
Rxb7 34. Qxc5 Qc7 35. Qxc7 Rxc7 36. Kf1 Kh7 37. Ke2 Kg6 38. Kd3 Rc4 39. h3 Kf5
40. f4 g5 41. g4+ Kg6 42. Bd2 Rc5 43. Rf1 f6 44. f5+ exf5 45. gxf5+ Kf7 46. e6+
Ke7 47. Bb4 h5 48. Bxc5+ Ke8 49. Ra1 Kd8 50. e7+ Ke8 51. Ra8+ Kd7 52. e8=Q+ Kc7
53. Qc8# 1-0

[Event "43. Olimpiada Batumi 2018 Femenina"]
[Site "Batumi GEO"]
[Date "2018.09.24"]
[Round "1.1"]
[White "Thorsteinsdottir, Gudlaug"]
[Black "Johnson, Daijah"]
[Result "1-0"]
[WhiteElo "1981"]
[BlackElo "1452"]
[PlyCount "67"]
[EventDate "2018.09.24"]
[EventType "team-swiss"]
[EventRounds "11"]
[EventCountry "GEO"]
[SourceTitle "Ajedrez en Madrid"]
[Source "lmi"]
[SourceDate "2018.09.24"]
[WhiteTeam "Iceland"]
[BlackTeam "Bahamas"]
[WhiteTeamCountry "ISL"]
[BlackTeamCountry "BAH"]

1. d4 Nf6 2. c4 g6 3. Nc3 Bg7 4. e4 d6 5. Be2 O-O 6. Bg5 Nbd7 7. Qd2 b6 8.
O-O-O Bb7 9. f3 Rc8 10. g4 e5 11. d5 a6 12. Kb1 c6 13. dxc6 Rxc6 14. h4 Nc5 15.
h5 Re8 16. hxg6 fxg6 17. Nd5 Ne6 18. Bh6 Rc8 19. Bxg7 Nxg7 20. Nxf6+ Qxf6 21.
Qh6 Kf7 22. Qe3 Rb8 23. Rxh7 Kg8 24. Qh6 Ne6 25. Rxd6 Re7 26. Rxe7 Qxe7 27.
Qxg6+ Ng7 28. Nh3 Rd8 29. Rxd8+ Qxd8 30. Ng5 Qe8 31. Qh7+ Kf8 32. Qh8+ Ke7 33.
Qxg7+ Kd8 34. Qxb7 1-0

[Event "43. Olimpiada Batumi 2018 Femenina"]
[Site "Batumi GEO"]
[Date "2018.09.24"]
[Round "1.1"]
[White "Beekhy, Aamirah"]
[Black "Maksimovic, Masa"]
[Result "0-1"]
[WhiteElo "1397"]
[BlackElo "2130"]
[PlyCount "48"]
[EventDate "2018.09.24"]
[EventType "team-swiss"]
[EventRounds "11"]
[EventCountry "GEO"]
[SourceTitle "Ajedrez en Madrid"]
[Source "lmi"]
[SourceDate "2018.09.24"]
[WhiteTeam "Mauritius"]
[BlackTeam "Bosnia & Herzegovina"]
[WhiteTeamCountry "MRI"]
[BlackTeamCountry "BIH"]

1. d4 g6 2. Nf3 Bg7 3. Bf4 d6 4. e3 Nf6 5. Be2 O-O 6. h3 Nbd7 7. O-O b6 8. Nbd2
Bb7 9. c4 c5 10. d5 Nh5 11. Bh2 Bxb2 12. Rb1 Bg7 13. Ne1 Nhf6 14. e4 Qc7 15.
Ndf3 Nxe4 16. Qc2 Nc3 17. Rb3 Nxe2+ 18. Qxe2 Rfe8 19. Re3 Nf6 20. Nc2 Ba6 21.
Re1 Kf8 22. Na3 Nxd5 23. Rd3 Nf6 24. Qd2 Rad8 0-1

[Event "43. Olimpiada Batumi 2018 Femenina"]
[Site "Batumi GEO"]
[Date "2018.09.24"]
[Round "1.1"]
[White "Magne, Kouokam Sylviane"]
[Black "Cordero, Daniela"]
[Result "0-1"]
[WhiteElo "1308"]
[BlackElo "2082"]
[PlyCount "90"]
[EventDate "2018.09.24"]
[EventType "team-swiss"]
[EventRounds "11"]
[EventCountry "GEO"]
[SourceTitle "Ajedrez en Madrid"]
[Source "lmi"]
[SourceDate "2018.09.24"]
[WhiteTeam "Cameroon"]
[BlackTeam "Bolivia"]
[WhiteTeamCountry "CAM"]
[BlackTeamCountry "BOL"]

1. d4 e6 2. c4 f5 3. Nf3 Nf6 4. Bf4 d6 5. Nc3 Be7 6. e3 O-O 7. h3 Qe8 8. Be2
Nc6 9. d5 Nb8 10. Nb5 Bd8 11. Nc3 e5 12. Bg5 a5 13. Nh4 Na6 14. Nb5 Nc5 15. O-O
Nce4 16. Bxf6 Rxf6 17. f4 Ng3 18. Rf2 e4 19. Kh2 Rh6 20. Nf3 exf3 21. Rxf3 Ne4
22. Qd3 c6 23. Nd4 Bd7 24. a4 c5 25. Nb5 Bxb5 26. cxb5 Bf6 27. Qc2 Bh4 28. Bd3
Rc8 29. Bc4 Rg6 30. Rg1 Bg3+ 31. Rxg3 Rxg3 32. Re1 Qg6 33. Rg1 Rxe3 34. Rf1
Qg3+ 35. Kh1 Re8 36. b6 Re1 37. Rxe1 Qxe1+ 38. Kh2 Qg3+ 39. Kg1 Qxf4 40. Bb5
Qe3+ 41. Kh2 Qg3+ 42. Kg1 Re5 43. Bc6 Ng5 44. Qc3 Re1+ 45. Qxe1 Nf3+ 0-1

[Event "43. Olimpiada Batumi 2018 Femenina"]
[Site "Batumi GEO"]
[Date "2018.09.24"]
[Round "1.3"]
[White "Silva, Mariana Sofia T"]
[Black "Ebrahim, Zahabiyah"]
[Result "1-0"]
[WhiteElo "1924"]
[BlackElo "1217"]
[PlyCount "89"]
[EventDate "2018.09.24"]
[EventType "team-swiss"]
[EventRounds "11"]
[EventCountry "GEO"]
[SourceTitle "Ajedrez en Madrid"]
[Source "lmi"]
[SourceDate "2018.09.24"]
[WhiteTeam "Portugal"]
[BlackTeam "Tanzania"]
[WhiteTeamCountry "POR"]
[BlackTeamCountry "TAN"]

1. e4 e5 2. Nf3 Nc6 3. Bc4 Bc5 4. O-O Nf6 5. d3 O-O 6. a4 d6 7. Bg5 Re8 8. c3
Be6 9. Bxe6 Rxe6 10. b4 Bb6 11. a5 Nxa5 12. bxa5 Bc5 13. Qb3 Qe8 14. d4 Nxe4
15. dxc5 d5 16. Qxd5 Rd8 17. Qxd8 h6 18. Qxe8+ Rxe8 19. Be3 Rd8 20. Nxe5 f6 21.
Nf3 g5 22. Bd4 g4 23. Nfd2 f5 24. Nxe4 fxe4 25. Nd2 Re8 26. Rfe1 h5 27. Rxe4
Rf8 28. Re7 h4 29. Rg7+ Kh8 30. Rxc7+ Kg8 31. Rg7+ Kh8 32. Rxb7+ Kg8 33. Rg7+
Kh8 34. Rxa7+ Kg8 35. Rg7+ Kh8 36. Rf7+ Kg8 37. Rxf8+ Kxf8 38. a6 Kf7 39. a7
Kg6 40. a8=Q Kg5 41. Qg8+ Kf5 42. Qf7+ Kg5 43. Ne4+ Kh6 44. Qg7+ Kh5 45. Qg5#
1-0

[Event "43. Olimpiada Batumi 2018 Femenina"]
[Site "Batumi GEO"]
[Date "2018.09.25"]
[Round "2.1"]
[White "Geldiyeva, Mahri"]
[Black "Muzychuk, Anna"]
[Result "1/2-1/2"]
[WhiteElo "2139"]
[BlackElo "2555"]
[PlyCount "117"]
[EventDate "2018.09.24"]
[EventType "team-swiss"]
[EventRounds "11"]
[EventCountry "GEO"]
[SourceTitle "Ajedrez en Madrid"]
[Source "lmi"]
[SourceDate "2018.09.24"]
[WhiteTeam "Turkmenistan"]
[BlackTeam "Ukraine"]
[WhiteTeamCountry "TKM"]
[BlackTeamCountry "UKR"]

1. d4 f5 2. e3 Nf6 3. f4 g6 4. Nf3 Bg7 5. Bc4 b6 6. O-O e6 7. Bd2 O-O 8. Be1
Qe8 9. Nbd2 d6 10. Qe2 Bb7 11. Ng5 Bd5 12. c3 Nbd7 13. Bb5 h6 14. Nh3 c6 15.
Ba6 c5 16. Bh4 Bc6 17. Bc4 Kh8 18. Rae1 e5 19. dxe5 dxe5 20. Nf2 Rb8 21. Bb5
Bxb5 22. Qxb5 Qe6 23. Qc4 Qc6 24. Qe2 Rbe8 25. Qd1 b5 26. Qc2 exf4 27. exf4 Nd5
28. Nd1 c4 29. Bg3 Nc5 30. Nf3 Nd3 31. Rxe8 Rxe8 32. Qd2 Qb6+ 33. Kh1 Ne3 34.
Rg1 Ng4 35. Ne1 Nc5 36. Nf2 Nf6 37. Nf3 Nfe4 38. Nxe4 Nxe4 39. Qc2 b4 40. cxb4
Qxb4 41. Rc1 Rc8 42. Ne5 Kh7 43. Be1 Qb8 44. Bc3 Qb6 45. Rf1 Qc5 46. Rf3 Rd8
47. h3 Rd5 48. b3 cxb3 49. Qxb3 Rd6 50. Nc4 Nxc3 51. Nxd6 Ne2 52. Qe3 Qc2 53.
Kh2 Qd1 54. Nb5 a6 55. Nc7 Bd4 56. Qe7+ Bg7 57. Qe3 Bd4 58. Qe7+ Bg7 59. Qe3
1/2-1/2

[Event "43. Olimpiada Batumi 2018 Femenina"]
[Site "Batumi GEO"]
[Date "2018.09.25"]
[Round "2.2"]
[White "Ushenina, Anna"]
[Black "Hallaeva, Bahar"]
[Result "1/2-1/2"]
[WhiteElo "2451"]
[BlackElo "2098"]
[PlyCount "119"]
[EventDate "2018.09.24"]
[EventType "team-swiss"]
[EventRounds "11"]
[EventCountry "GEO"]
[SourceTitle "Ajedrez en Madrid"]
[Source "lmi"]
[SourceDate "2018.09.24"]
[WhiteTeam "Ukraine"]
[BlackTeam "Turkmenistan"]
[WhiteTeamCountry "UKR"]
[BlackTeamCountry "TKM"]

1. d4 Nf6 2. c4 b6 3. Nf3 Bb7 4. Nc3 e6 5. a3 Be7 6. d5 d6 7. g3 O-O 8. Bg2 e5
9. O-O Nbd7 10. b4 a5 11. Rb1 Re8 12. Ne1 Bf8 13. e4 h6 14. Nc2 g6 15. Ne3 Bg7
16. Qc2 Qe7 17. Bd2 axb4 18. axb4 Reb8 19. Rfc1 Bf8 20. Qd1 Kh7 21. Na4 Qd8 22.
Qc2 Ra7 23. Nc3 Rba8 24. Ned1 Ba6 25. Nb2 Qb8 26. h3 Bc8 27. Be3 Be7 28. Nd3
Ba6 29. Ne2 Qf8 30. f4 exf4 31. gxf4 Bc8 32. e5 Nh5 33. Nc3 Ng3 34. Bf2 Nf5 35.
Kh2 Ba6 36. Ne4 Qg7 37. Qb2 Bb7 38. exd6 cxd6 39. Qxg7+ Kxg7 40. Nc3 Ba6 41. b5
Bc8 42. Ne4 Ra3 43. Bf1 Nc5 44. Ndxc5 dxc5 45. Bg2 Bd6 46. Nxd6 Nxd6 47. Bh4
Bf5 48. Be7 Ne4 49. d6 Ra2 50. Kg1 Rxg2+ 51. Kxg2 Ra2+ 52. Kf3 Ra3+ 53. Ke2
Rxh3 54. Kf1 Rh2 55. Kg1 Ra2 56. Ra1 Rb2 57. Rcb1 Rc2 58. Rc1 Rb2 59. Rcb1 Rc2
60. Rc1 1/2-1/2

[Event "43. Olimpiada Batumi 2018 Femenina"]
[Site "Batumi GEO"]
[Date "2018.09.25"]
[Round "2.3"]
[White "Ovezdurdiyeva, Jemal"]
[Black "Zhukova, Natalia"]
[Result "0-1"]
[WhiteElo "2075"]
[BlackElo "2403"]
[PlyCount "62"]
[EventDate "2018.09.24"]
[EventType "team-swiss"]
[EventRounds "11"]
[EventCountry "GEO"]
[SourceTitle "Ajedrez en Madrid"]
[Source "lmi"]
[SourceDate "2018.09.24"]
[WhiteTeam "Turkmenistan"]
[BlackTeam "Ukraine"]
[WhiteTeamCountry "TKM"]
[BlackTeamCountry "UKR"]

1. d4 e6 2. c4 c5 3. d5 exd5 4. cxd5 d6 5. Nc3 g6 6. e4 Bg7 7. Be2 Nf6 8. Nf3
O-O 9. O-O Re8 10. Nd2 Nbd7 11. Qc2 Ne5 12. h3 g5 13. Nc4 Nxc4 14. Bxc4 Nh5 15.
Qe2 Nf4 16. Bxf4 gxf4 17. Qf3 Be5 18. Rab1 Kh8 19. Qh5 Rg8 20. Kh1 Qf6 21. Qf3
Qh6 22. Be2 Bg4 23. Qxg4 Rxg4 24. Bxg4 f3 25. g3 Rg8 26. Bd7 Qd2 27. Nd1 Bxg3
28. Ne3 Bxf2 29. Nc4 Qe2 30. Nxd6 Bg3 31. Nxf7+ Kg7 0-1

[Event "43. Olimpiada Batumi 2018 Femenina"]
[Site "Batumi GEO"]
[Date "2018.09.25"]
[Round "2.4"]
[White "Osmak, Iulija"]
[Black "Shohradowa, Lala"]
[Result "1/2-1/2"]
[WhiteElo "2405"]
[BlackElo "1950"]
[PlyCount "120"]
[EventDate "2018.09.24"]
[EventType "team-swiss"]
[EventRounds "11"]
[EventCountry "GEO"]
[SourceTitle "Ajedrez en Madrid"]
[Source "lmi"]
[SourceDate "2018.09.24"]
[WhiteTeam "Ukraine"]
[BlackTeam "Turkmenistan"]
[WhiteTeamCountry "UKR"]
[BlackTeamCountry "TKM"]

1. d4 Nf6 2. Bf4 g6 3. e3 Bg7 4. Nf3 O-O 5. Be2 d6 6. O-O Nbd7 7. h3 c5 8. a4
b6 9. a5 Bb7 10. a6 Bc6 11. Nc3 d5 12. Ne5 Nxe5 13. Bxe5 Qd7 14. dxc5 bxc5 15.
Ra5 Qe6 16. Bxf6 Bxf6 17. Rxc5 Rfd8 18. Bf3 Bxc3 19. bxc3 Qd6 20. Ra5 Rab8 21.
Qd4 Rb6 22. Rd1 Qc7 23. Qc5 e6 24. c4 dxc4 25. Raa1 Rc8 26. Rd6 Bxf3 27. Qxc7
Rxc7 28. Rxb6 axb6 29. gxf3 Ra7 30. Kf1 Kf8 31. Ke2 Ke7 32. Kd2 Kd6 33. Kc3 Kc5
34. Ra4 b5 35. Ra5 e5 36. h4 f5 37. e4 f4 38. Ra1 b4+ 39. Kb2 Kb6 40. Rd1 Rxa6
41. Rd6+ Kb5 42. Rd5+ Kc6 43. Rxe5 Ra3 44. Re6+ Kd7 45. Rb6 Rxf3 46. Rxb4 Rxf2
47. Rxc4 Rh2 48. Kc3 Rxh4 49. Kd4 Rh1 50. Rc3 Rf1 51. Ke5 f3 52. Kf4 g5+ 53.
Kg3 f2 54. Kg2 Re1 55. Kxf2 Rxe4 56. Rh3 Re7 57. Rh5 Rg7 58. Kg3 Ke6 59. Kg4
Kf6 60. Rh6+ Ke5 1/2-1/2

[Event "43. Olimpiada Batumi 2018 Femenina"]
[Site "Batumi GEO"]
[Date "2018.09.25"]
[Round "2.1"]
[White "Harika, Dronavalli"]
[Black "Sanchez Castillo, Sarai Carolina"]
[Result "1-0"]
[WhiteElo "2500"]
[BlackElo "2137"]
[PlyCount "103"]
[EventDate "2018.09.24"]
[EventType "team-swiss"]
[EventRounds "11"]
[EventCountry "GEO"]
[SourceTitle "Ajedrez en Madrid"]
[Source "lmi"]
[SourceDate "2018.09.24"]
[WhiteTeam "India"]
[BlackTeam "Venezuela"]
[WhiteTeamCountry "IND"]
[BlackTeamCountry "VEN"]

1. Nf3 d5 2. e3 Nf6 3. c4 e6 4. Nc3 Nbd7 5. d4 Be7 6. b3 Ne4 7. Qc2 Bb4 8. Bb2
c6 9. a3 Bxc3+ 10. Bxc3 Nxc3 11. Qxc3 O-O 12. Bd3 f5 13. b4 a5 14. O-O g5 15.
Ne5 Nxe5 16. dxe5 g4 17. Qd4 Qe7 18. c5 Qg5 19. b5 Bd7 20. f4 gxf3 21. Rxf3 Kh8
22. Rb1 Rf7 23. a4 Rg8 24. g3 h5 25. Rf4 Rfg7 26. Kf2 Qh6 27. Be2 Be8 28. Qc3
Qg5 29. Qxa5 Rh7 30. Qb4 Qg7 31. Qd4 Rh6 32. b6 Rg6 33. Rg1 Rg5 34. a5 Bf7 35.
Ke1 Ra8 36. Qc3 Rg4 37. a6 Rxf4 38. exf4 bxa6 39. b7 Rb8 40. Bxa6 h4 41. Kf2 h3
42. Rb1 Bh5 43. Rb6 Qd7 44. Qd4 Kg7 45. Ke3 Kh6 46. Qa4 Be8 47. Kd4 Qc7 48. Rb2
Qg7 49. Qb4 Bh5 50. Qb6 Qd7 51. Qa7 Qc7 52. Bf1 1-0

[Event "43. Olimpiada Batumi 2018 Femenina"]
[Site "Batumi GEO"]
[Date "2018.09.25"]
[Round "2.2"]
[White "Hernandez Bonilla, Amelia"]
[Black "Tania, Sachdev"]
[Result "0-1"]
[WhiteElo "2044"]
[BlackElo "2400"]
[PlyCount "88"]
[EventDate "2018.09.24"]
[EventType "team-swiss"]
[EventRounds "11"]
[EventCountry "GEO"]
[SourceTitle "Ajedrez en Madrid"]
[Source "lmi"]
[SourceDate "2018.09.24"]
[WhiteTeam "Venezuela"]
[BlackTeam "India"]
[WhiteTeamCountry "VEN"]
[BlackTeamCountry "IND"]

1. d4 Nf6 2. Nf3 d5 3. e3 c5 4. c3 Nbd7 5. Bd3 g6 6. Nbd2 Bg7 7. O-O O-O 8. Re1
Qc7 9. e4 cxd4 10. cxd4 dxe4 11. Nxe4 Nxe4 12. Bxe4 Nf6 13. Bd3 b6 14. Qe2 e6
15. Bg5 Nd5 16. Rac1 Qd6 17. Qd2 Bb7 18. Be4 Rac8 19. Bh6 Rxc1 20. Rxc1 Bxh6
21. Qxh6 Qf4 22. Qxf4 Nxf4 23. Re1 Bxe4 24. Rxe4 Rc8 25. Kf1 Nd3 26. Re2 Nc1
27. Re1 Nxa2 28. Ra1 Rc1+ 29. Rxc1 Nxc1 30. Nd2 Kf8 31. b3 Ke7 32. Ke1 Kd6 33.
Kd1 Nd3 34. Ke2 Nb4 35. Nf3 f6 36. Kd2 Kd5 37. h3 Nc6 38. Kc3 a5 39. g3 b5 40.
h4 h5 41. Kd3 e5 42. dxe5 Nxe5+ 43. Nxe5 Kxe5 44. f3 g5 0-1